Every NFL Teams QB1 - One Minute Sprint - Statistics

General Stats
  • This quiz has been taken 333 times
    130 since last reset
  • The average score is 12 of 32
Answer Stats
Hint Answer % Correct
Bengals Joe Burrow
95%
Ravens Lamar Jackson
73%
Chiefs Patrick Mahomes
59%
Broncos Bo Nix
56%
Colts Anthony Richardson
54%
Jets Justin Fields
54%
Chargers Justin Herbert
54%
Jaguars Trevor Lawrence
54%
Texans C.J. Stroud
51%
Browns Deshaun Watson
51%
Giants Russell Wilson
51%
Bills Josh Allen
49%
Titans Cam Ward
46%
Patriots Drake Maye
41%
Bears Caleb Williams
39%
Lions Jared Goff
39%
Dolphins Tua Tagovailoa
39%
Raiders Geno Smith
37%
Packers Jordan Love
32%
Buccaneers Baker Mayfield
29%
Vikings J.J. McCarthy
27%
Steelers Mason Rudolph
27%
Eagles Jalen Hurts
22%
Panthers Bryce Young
20%
Falcons Michael Penix Jr.
20%
Saints Derek Carr
17%
Commanders Jayden Daniels
15%
Rams Matthew Stafford
15%
Seahawks Sam Darnold
15%
49ers Brock Purdy
12%
Cowboys Dak Prescott
12%
Cardinals Kyler Murray
12%
No matching quizzes found
Score Distribution
Percent of People with Each Score
Percentile by Number Answered
Your Score History
You have not taken this quiz since the last reset